[Event "EThessaloniki SSTH HALK-ch U16"]
[Site "Thessaloniki"]
[Date "2017.10.08"]
[Round "2.1"]
[White "Papadimitriou, Ilias"]
[Black "Maggos, Nikolaos"]
[Result "1-0"]
[WhiteElo "1589"]
[BlackElo "1496"]
[PlyCount "61"]
[EventDate "2017.10.01"]
[EventType "swiss"]
[EventRounds "6"]
[EventCountry "GRE"]
[SourceTitle "EXT 2024"]
[Source "ChessBase"]
[SourceDate "2023.10.10"]
[SourceVersion "1"]
[SourceVersionDate "2023.10.10"]
[SourceQuality "1"]

1. e4 g6 2. d4 Bg7 3. Be3 Nf6 4. Nc3 d6 5. f3 c6 6. Qd2 0-0 7. 0-0-0 b5 8. Bh6 a5 9. h4 Qc7 10. h5 a4 11. hxg6 fxg6 12. Bxg7 Kxg7 13. Qh6+ Kg8 14. g4 Rf7 15. Nh3 Bd7 16. Nf4 Rg7 17. g5 Ne8 18. Bh3 Bxh3 19. Rxh3 Qd7 20. d5 Nc7 21. Rdh1 e5 22. dxc6 Nxc6 23. Nfd5 Ne8 24. Nb6 Qb7 25. Nxa8 Qxa8 26. Nd5 a3 27. Nf6+ Nxf6 28. gxf6 Rf7 29. Qxg6+ Kf8 30. Rxh7 axb2+ 31. Kb1 1-0